[Event "24. Copenhagen Open  (Politiken Cup)"]
[Site "Copenhagen"]
[Date "2002.07.21"]
[Round "7"]
[White "Baldursson, Rani"]
[Black "Tretvold, Martin"]
[Result "1-0"]
[WhiteElo "1426"]
[BlackElo "1801"]
[PlyCount "93"]
[EventDate "2002.07.15"]
[EventType "swiss"]
[EventRounds "11"]
[EventCountry "DEN"]
[SourceDate "2004.01.01"]

1. e4 e5 2. Nf3 Nc6 3. Bc4 Nf6 4. Ng5 d5 5. exd5 Nd4 6. c3 b5 7. Bf1 Nxd5 8.
Ne4 Qh4 9. Ng3 Bg4 10. f3 Nf5 11. Bxb5+ Kd8 12. O-O Bc5+ 13. d4 exd4 14. Nxf5
Bxf5 15. Bc6 d3+ 16. Kh1 Bd6 17. f4 Be4 18. Bxa8 Qh3 19. Rf2 Bc5 20. Bxd5 Bxd5
21. Rf3 Qg4 22. h3 Bxf3 23. Qxd3+ Qd7 24. Qxd7+ Kxd7 25. gxf3 Re8 26. Bd2 Re2
27. c4 Rf2 28. Bc3 Rxf3 29. Nd2 Rxh3+ 30. Kg2 Rh6 31. Rd1 Rg6+ 32. Kf3 Ke6 33.
Re1+ Kd7 34. Ne4 Be7 35. f5 Rc6 36. Bxg7 Rxc4 37. Nf6+ Kd8 38. Nxh7 Rc2 39. Bc3
Rh2 40. f6 Rh3+ 41. Kg4 Rxh7 42. fxe7+ Ke8 43. Bf6 Rh6 44. Kg5 Rg6+ 45. Kf5 Rg2
46. Rd1 Rf2+ 47. Kg5 1-0

[Event "24. Copenhagen Open  (Politiken Cup)"]
[Site "Copenhagen"]
[Date "2002.07.21"]
[Round "7"]
[White "Bilfeldt, Anders"]
[Black "Raunkjar, Jonas"]
[Result "1/2-1/2"]
[WhiteElo "1287"]
[BlackElo "1702"]
[PlyCount "65"]
[EventDate "2002.07.15"]
[EventType "swiss"]
[EventRounds "11"]
[EventCountry "DEN"]
[SourceDate "2004.01.01"]

1. d4 Nf6 2. c4 g6 3. Nc3 d5 4. cxd5 Nxd5 5. e4 Nxc3 6. bxc3 Bg7 7. Bc4 c5 8.
Ne2 Nc6 9. Be3 O-O 10. Rc1 Na5 11. Bb3 Nxb3 12. axb3 cxd4 13. Bxd4 b6 14. O-O
Ba6 15. Re1 e5 16. Be3 Qd3 17. Qxd3 Bxd3 18. f3 Rfd8 19. c4 Bxe2 20. Rxe2 Bf8
21. Ra2 Rdb8 22. Rd1 Rb7 23. Kf1 a5 24. Rd5 f6 25. Rb5 Rab8 26. Rd2 Kf7 27.
Rdd5 Ke6 28. f4 exf4 29. Bxf4 Rc8 30. Be3 a4 31. c5 axb3 32. Rxb3 b5 33. Ke2
1/2-1/2

[Event "24. Copenhagen Open  (Politiken Cup)"]
[Site "Copenhagen"]
[Date "2002.07.21"]
[Round "7"]
[White "Bjerke, Silje"]
[Black "Hesselberg, Leif"]
[Result "1-0"]
[WhiteElo "2064"]
[BlackElo "1825"]
[PlyCount "115"]
[EventDate "2002.07.15"]
[EventType "swiss"]
[EventRounds "11"]
[EventCountry "DEN"]
[SourceDate "2004.01.01"]

1. d4 Nf6 2. Nf3 e6 3. g3 b6 4. Bg2 Bb7 5. O-O Be7 6. c4 O-O 7. b3 d6 8. Bb2 c5
9. Nbd2 Nbd7 10. Qc2 cxd4 11. Nxd4 Bxg2 12. Kxg2 Rc8 13. Rad1 a6 14. Qb1 d5 15.
cxd5 Nxd5 16. Qa1 N7f6 17. a3 b5 18. e4 Nb6 19. f4 Qc7 20. f5 Qb7 21. Rde1 Rfd8
22. fxe6 fxe6 23. Bc3 Qd7 24. N2f3 Bxa3 25. Qxa3 Rxc3 26. Qxa6 e5 27. Ne2 Rxf3
28. Rxf3 Qc6 29. Nc3 Rd2+ 30. Re2 Nxe4 31. Qa3 Rxe2+ 32. Nxe2 Nf6 33. Qe7 e4
34. Qd8+ Kf7 35. Rc3 Nc4 36. bxc4 e3+ 37. Kg1 Qf3 38. Qc7+ Kg6 39. Qf4 Qxe2 40.
Rxe3 Qd1+ 41. Qf1 Qd4 42. Qd3+ Qxd3 43. Rxd3 bxc4 44. Rc3 h6 45. Rxc4 Nd5 46.
Kf2 Nf6 47. Kf3 h5 48. Ra4 Kg5 49. Ra5+ Kg6 50. Kf4 Kh6 51. Ra6 Kg6 52. h3 Kf7
53. Kf5 g6+ 54. Kf4 Kg7 55. Ra7+ Kh6 56. Ke5 Ne8 57. Ra8 Ng7 58. Kf6 1-0

[Event "24. Copenhagen Open  (Politiken Cup)"]
[Site "Copenhagen"]
[Date "2002.07.21"]
[Round "7"]
[White "Bogdanov, Dimitri"]
[Black "Vang, Finnbjorn"]
[Result "1-0"]
[WhiteElo "2096"]
[BlackElo "1937"]
[PlyCount "127"]
[EventDate "2002.07.15"]
[EventType "swiss"]
[EventRounds "11"]
[EventCountry "DEN"]
[SourceDate "2004.01.01"]

1. e4 e5 2. Nf3 Nc6 3. Bb5 a6 4. Ba4 Nf6 5. O-O b5 6. Bb3 Be7 7. Re1 d6 8. c3
O-O 9. h3 Na5 10. Bc2 c5 11. d4 cxd4 12. cxd4 Nc6 13. a4 b4 14. Nbd2 exd4 15.
Nb3 Re8 16. Nbxd4 Nxd4 17. Nxd4 Bb7 18. Nf5 Bf8 19. Qd4 Qc7 20. Bd3 d5 21. e5
Ne4 22. Bxe4 dxe4 23. Bf4 Bc5 24. Rac1 Rac8 25. Qd1 Re6 26. Nd6 Rd8 27. Qc2
Bxd6 28. exd6 Qxc2 29. Rxc2 Rg6 30. Rc7 Bc8 31. Bg3 Re6 32. Rec1 Ree8 33. R1c4
g5 34. h4 h6 35. hxg5 hxg5 36. R7c5 f5 37. Rxb4 Kf7 38. Be5 Ke6 39. f4 gxf4 40.
Bxf4 Rd7 41. Re5+ Kf7 42. Rxf5+ Kg6 43. Rg5+ Kf6 44. Rc5 e3 45. Bxe3 Rxe3 46.
Rxc8 Rxd6 47. Rf8+ Ke7 48. Rf3 Re2 49. Rff4 Rdd2 50. Rfe4+ Kf6 51. Rxe2 Rxe2
52. b3 Rb2 53. Kh2 Kg5 54. Kh3 Kh5 55. Rb6 Kg5 56. b4 Rb1 57. b5 Rh1+ 58. Kg3
axb5 59. Rxb5+ Kf6 60. Kg4 Ra1 61. Ra5 Ra3 62. Ra6+ Ke5 63. Ra8 Kf6 64. Kf4 1-0

[Event "24. Copenhagen Open  (Politiken Cup)"]
[Site "Copenhagen"]
[Date "2002.07.21"]
[Round "7"]
[White "Bogdanov, Max"]
[Black "McShane, Rod"]
[Result "1-0"]
[WhiteElo "1302"]
[BlackElo "1500"]
[PlyCount "149"]
[EventDate "2002.07.15"]
[EventType "swiss"]
[EventRounds "11"]
[EventCountry "DEN"]
[SourceDate "2004.01.01"]

1. d4 Nf6 2. c4 g6 3. Nc3 Bg7 4. Nf3 O-O 5. Bf4 d6 6. e3 Nbd7 7. h3 c5 8. Bd3
cxd4 9. exd4 Re8 10. O-O e5 11. Bg5 Qb6 12. dxe5 dxe5 13. Qc2 Qc6 14. Rfe1 h6
15. Bh4 Nh5 16. Nd5 g5 17. Bg3 Nxg3 18. fxg3 Nb6 19. Nxb6 Qxb6+ 20. Kh1 Bd7 21.
Rad1 Bc6 22. Be4 Bxe4 23. Rxe4 f5 24. Re2 e4 25. Nh2 Rad8 26. Rde1 Qc6 27. b3
Rd3 28. Rd2 Rxg3 29. Nf1 Rc3 30. Qd1 f4 31. Rde2 Rd3 32. Qc2 Rc3 33. Qd1 e3 34.
Kh2 Qc7 35. Kg1 Rd8 36. Qb1 Qd6 37. Kh1 Qd3 38. Qxd3 Rcxd3 39. g3 Rd1 40. gxf4
Rxe1 41. Rxe1 gxf4 42. Kg2 Bc3 43. Re2 Rf8 44. Kf3 Bd4 45. Nh2 h5 46. Ke4 Bb6
47. Nf3 Bc7 48. Ng5 Re8+ 49. Kf5 Rf8+ 50. Ke4 Rf6 51. h4 Ba5 52. Nh3 Bd2 53.
Nxf4 Ra6 54. Nd5 Re6+ 55. Kf3 Kf7 56. Nxe3 Rf6+ 57. Ke4 Re6+ 58. Kd3 Bxe3 59.
Rxe3 Rg6 60. Re5 Rg3+ 61. Ke4 Rg4+ 62. Kf3 Rxh4 63. Kg3 Rg4+ 64. Kh3 Rd4 65.
Rxh5 Rd3+ 66. Kg4 Kg6 67. Rd5 Rxd5 68. cxd5 Kf6 69. Kf4 Ke7 70. Ke5 Kd7 71. d6
a6 72. Kd5 b6 73. a3 a5 74. a4 b5 75. axb5 1-0

[Event "24. Copenhagen Open  (Politiken Cup)"]
[Site "Copenhagen"]
[Date "2002.07.21"]
[Round "7"]
[White "Borvander, Tom"]
[Black "Carstensen, Jacob"]
[Result "0-1"]
[WhiteElo "2166"]
[BlackElo "2246"]
[PlyCount "138"]
[EventDate "2002.07.15"]
[EventType "swiss"]
[EventRounds "11"]
[EventCountry "DEN"]
[SourceDate "2004.01.01"]

1. d4 Nf6 2. c4 c5 3. d5 b5 4. cxb5 a6 5. b6 g6 6. Nc3 d6 7. Nf3 Nbd7 8. e4 Bg7
9. Be2 O-O 10. O-O Nxb6 11. Bf4 h6 12. Nd2 e5 13. Be3 Nh7 14. Rb1 a5 15. a3 a4
16. b4 axb3 17. Qxb3 Nd7 18. Nc4 Qe7 19. Nb5 Ra6 20. Bd2 f5 21. Nc7 Ra7 22. Ne6
Re8 23. exf5 gxf5 24. Bh5 Ndf6 25. Nxg7 Kxg7 26. Bxe8 Nxe8 27. Qb8 Ba6 28. Rfc1
Nhf6 29. Ne3 Kg6 30. Qb3 e4 31. Nc4 Nxd5 32. Na5 Qe6 33. Qh3 Kh7 34. Rb8 Ndc7
35. Nc6 Ra8 36. Nd8 Qg6 37. Rxa8 Nxa8 38. Nc6 Ng7 39. Rb1 f4 40. Re1 f3 41. Ne7
Qxg2+ 42. Qxg2 fxg2 43. Bf4 Ne6 44. Be3 Nac7 45. Rd1 Bd3 46. Kxg2 d5 47. Nc6 d4
48. Bc1 Nd5 49. Ne5 Nef4+ 50. Bxf4 Nxf4+ 51. Kg3 Ne2+ 52. Kg2 Bc2 53. Rd2 d3
54. Kf1 Nd4 55. Ke1 c4 56. Nxc4 Nf3+ 57. Kf1 Nxh2+ 58. Kg2 Nf3 59. a4 Nxd2 60.
Nxd2 Bxa4 61. Kg3 Bc6 62. Kf4 Kg6 63. Kg4 Kf6 64. Kf4 Ke6 65. Ke3 Kf5 66. Nc4
h5 67. f3 exf3 68. Nb2 Kg4 69. Nxd3 Kg3 0-1

[Event "24. Copenhagen Open  (Politiken Cup)"]
[Site "Copenhagen"]
[Date "2002.07.21"]
[Round "7"]
[White "Brinck Claussen, Bjorn"]
[Black "Christensen, Stefan"]
[Result "1-0"]
[WhiteElo "2369"]
[BlackElo "2194"]
[PlyCount "101"]
[EventDate "2002.07.15"]
[EventType "swiss"]
[EventRounds "11"]
[EventCountry "DEN"]
[SourceDate "2004.01.01"]

1. e4 e6 2. d4 d5 3. Nd2 Nf6 4. e5 Nfd7 5. f4 c5 6. c3 Nc6 7. Ndf3 Qb6 8. g3
cxd4 9. cxd4 Bb4+ 10. Kf2 g5 11. fxg5 Ndxe5 12. Nxe5 Nxe5 13. Kg2 Nc6 14. Nf3
Bd7 15. Bf4 Bf8 16. Qd2 Bg7 17. Rd1 Rc8 18. a3 Na5 19. Be5 Bxe5 20. Nxe5 Ba4
21. Qf4 Rf8 22. Re1 Qxb2+ 23. Kh3 Bc2 24. Ng4 Kd7 25. Bd3 Bxd3 26. Ne5+ Ke8 27.
Nxd3 Qxa3 28. Nc5 Rxc5 29. Ra1 Qb4 30. dxc5 Qxf4 31. gxf4 b6 32. Rhb1 Kd7 33.
cxb6 axb6 34. Rxb6 Nc6 35. Rc1 Rc8 36. Rb7+ Rc7 37. Rxc7+ Kxc7 38. Kg4 Kd6 39.
Rb1 d4 40. Rb7 Nd8 41. Ra7 Kc6 42. Kf3 Nb7 43. Ke4 Nd6+ 44. Kd3 Kc5 45. Ra5+
Nb5 46. h4 Kb6 47. Rxb5+ Kxb5 48. Kxd4 Kc6 49. Ke5 Kc5 50. h5 Kc4 51. Kf6 1-0

[Event "24. Copenhagen Open  (Politiken Cup)"]
[Site "Copenhagen"]
[Date "2002.07.21"]
[Round "7"]
[White "Brondum, Eric"]
[Black "Hansen, Poul Elgaard"]
[Result "1/2-1/2"]
[WhiteElo "2219"]
[BlackElo "2003"]
[PlyCount "47"]
[EventDate "2002.07.15"]
[EventType "swiss"]
[EventRounds "11"]
[EventCountry "DEN"]
[SourceDate "2004.01.01"]

1. Nf3 Nf6 2. g3 g6 3. b3 Bg7 4. Bb2 d5 5. c4 c6 6. Bg2 O-O 7. O-O dxc4 8. bxc4
Qa5 9. d3 Qh5 10. Re1 Bh3 11. Bh1 Nbd7 12. Nbd2 Ng4 13. Bxg7 Kxg7 14. Rb1 Rab8
15. Qa4 a6 16. Qa3 Rfe8 17. d4 e5 18. dxe5 Ndxe5 19. Nxe5 Nxe5 20. Qc3 Kg8 21.
Ne4 Nd7 22. Red1 Qe5 23. Qxe5 Rxe5 24. Rxd7 1/2-1/2

[Event "24. Copenhagen Open  (Politiken Cup)"]
[Site "Copenhagen"]
[Date "2002.07.21"]
[Round "7"]
[White "Christensen, Christian"]
[Black "Hoeg, Claus"]
[Result "0-1"]
[WhiteElo "2131"]
[BlackElo "2010"]
[PlyCount "84"]
[EventDate "2002.07.15"]
[EventType "swiss"]
[EventRounds "11"]
[EventCountry "DEN"]
[SourceDate "2004.01.01"]

1. e4 g6 2. d4 Bg7 3. Nf3 d6 4. Be2 Nf6 5. Nc3 O-O 6. O-O c6 7. a4 Nbd7 8. Re1
Qc7 9. Bf1 e5 10. a5 Rd8 11. d5 Nf8 12. a6 bxa6 13. dxc6 Qxc6 14. Bg5 Rd7 15.
Bxf6 Bxf6 16. Nd5 Bd8 17. Re3 Rb8 18. b4 Ne6 19. Rc3 Qa8 20. Bxa6 Kg7 21. Rca3
Bxa6 22. Rxa6 Rc8 23. g3 Rc4 24. Qe2 Qc8 25. c3 f5 26. Nd2 Rc6 27. Rxa7 f4 28.
b5 Rb6 29. Nc4 Rbb7 30. b6 f3 31. Nxd6 fxe2 32. Nxc8 Bxb6 33. Ndxb6 Rxa7 34.
Nxa7 Rd1+ 35. Rxd1 exd1=Q+ 36. Kg2 Qa1 37. Nac8 Qxc3 38. f3 Qb2+ 39. Kh3 h5 40.
Nd7 Ng5+ 41. Kh4 Nxf3+ 42. Kh3 Qxh2# 0-1

[Event "24. Copenhagen Open  (Politiken Cup)"]
[Site "Copenhagen"]
[Date "2002.07.21"]
[Round "7"]
[White "Christensen, Christoffer"]
[Black "Draeger, Michael"]
[Result "1-0"]
[WhiteElo "1464"]
[BlackElo "1549"]
[PlyCount "75"]
[EventDate "2002.07.15"]
[EventType "swiss"]
[EventRounds "11"]
[EventCountry "DEN"]
[SourceDate "2004.01.01"]

1. e4 c5 2. Nf3 d6 3. d4 cxd4 4. Nxd4 Nf6 5. Nc3 a6 6. Be3 e6 7. a3 Be7 8. Bc4
b5 9. Bb3 O-O 10. g4 d5 11. e5 Nfd7 12. Nxd5 exd5 13. Bxd5 Nb6 14. Bxa8 Nxa8
15. Qd2 Qc7 16. O-O-O Bxg4 17. Rdg1 Qb7 18. Bh6 g6 19. Bxf8 Bxf8 20. f3 Bxf3
21. Nxf3 Qxf3 22. Rf1 Qc6 23. Qf4 Qe6 24. h4 h5 25. Qf6 Be7 26. Qf3 Nb6 27.
Rhg1 N8d7 28. Qxh5 Qxe5 29. Qf3 Bf6 30. c3 Nd5 31. h5 Bg5+ 32. Kb1 N7f6 33.
hxg6 fxg6 34. Re1 Ne3 35. Rxg5 Qxg5 36. Rxe3 Nd5 37. Re8+ Kh7 38. Qf7+ 1-0

[Event "24. Copenhagen Open  (Politiken Cup)"]
[Site "Copenhagen"]
[Date "2002.07.21"]
[Round "7"]
[White "Christensen, Janus"]
[Black "Rodriguez Vinuesa, Azahara"]
[Result "1/2-1/2"]
[WhiteElo "1961"]
[BlackElo "2095"]
[PlyCount "126"]
[EventDate "2002.07.15"]
[EventType "swiss"]
[EventRounds "11"]
[EventCountry "DEN"]
[SourceDate "2004.01.01"]

1. e4 c5 2. Nf3 Nc6 3. d4 cxd4 4. Nxd4 Nf6 5. Nc3 e5 6. Nb3 Bb4 7. Qd3 O-O 8.
Bg5 h6 9. Bh4 d5 10. Bxf6 Qxf6 11. exd5 Nd4 12. O-O-O Nxb3+ 13. axb3 Qxf2 14.
Qf3 Qxf3 15. gxf3 Bd7 16. Re1 Rfe8 17. Re4 a5 18. Bb5 Rad8 19. Bxd7 Rxd7 20.
Nb5 f6 21. c3 Rc8 22. Rc4 Rc5 23. Rxc5 Bxc5 24. c4 Kf7 25. Kc2 f5 26. Kd3 Kf6
27. h4 g6 28. Ke2 Kf7 29. Nc3 Ke7 30. Ra1 b6 31. Na4 Bd4 32. Kd3 g5 33. hxg5
hxg5 34. Rh1 Kf6 35. Nxb6 Rb7 36. Na4 Rxb3+ 37. Kc2 Rxf3 38. c5 Rf2+ 39. Kc1 e4
40. Rd1 Be3+ 41. Kb1 Rd2 42. Re1 Bf2 43. c6 Bg3 44. Nc3 Ke7 45. Rf1 Bf4 46. Rh1
Rh2 47. Re1 Be5 48. Rf1 Bf4 49. Nb5 e3 50. Nd4 e2 51. Re1 Bd2 52. Rxe2+ Rxe2
53. Nxe2 Be3 54. Kc2 f4 55. Kd3 Bb6 56. Ke4 Kd6 57. Nc3 Kc5 58. Kf3 Bc7 59. Kg4
Bb8 60. Kxg5 f3 61. Kg4 f2 62. Ne4+ Kxd5 63. Nxf2 Kxc6 1/2-1/2

[Event "24. Copenhagen Open  (Politiken Cup)"]
[Site "Copenhagen"]
[Date "2002.07.21"]
[Round "7"]
[White "Cohen, Ronnie"]
[Black "Rasmussen, Poul"]
[Result "1-0"]
[WhiteElo "1800"]
[BlackElo "1428"]
[PlyCount "107"]
[EventDate "2002.07.15"]
[EventType "swiss"]
[EventRounds "11"]
[EventCountry "DEN"]
[SourceDate "2004.01.01"]

1. e4 e6 2. d4 d5 3. Nc3 Bb4 4. exd5 exd5 5. Bd2 Be6 6. Nf3 h6 7. Bd3 Bxc3 8.
Bxc3 Nc6 9. O-O Nge7 10. Re1 O-O 11. b4 a6 12. a4 Nb8 13. Bd2 Nd7 14. c3 Re8
15. Qc2 Bg4 16. Ne5 Nxe5 17. Rxe5 f6 18. Re3 Qd7 19. Rae1 Kf8 20. c4 dxc4 21.
Qxc4 Bh5 22. b5 a5 23. Bc1 Bf7 24. Qc3 Nd5 25. Qc5+ Qd6 26. Rxe8+ Rxe8 27.
Rxe8+ Kxe8 28. Qxd6 cxd6 29. Bc2 Kd7 30. Kf1 Nc3 31. Bd2 Nd5 32. Bxa5 b6 33.
Bd2 Ne7 34. f4 Bc4+ 35. Kf2 Nd5 36. g4 Nc7 37. f5 Ke7 38. Kg3 Nd5 39. Kh4 Nc7
40. Kg3 Nd5 41. h4 Nc7 42. g5 hxg5 43. hxg5 Nd5 44. Kh4 Kf7 45. Bd1 Ke7 46. Kg4
Kd7 47. Kh5 Ke7 48. Kg6 Bd3 49. Bb3 Nc7 50. Kxg7 Ne8+ 51. Kh6 Bxf5 52. g6 Kf8
53. Bb4 Be4 54. Bxd6+ 1-0

[Event "24. Copenhagen Open  (Politiken Cup)"]
[Site "Copenhagen"]
[Date "2002.07.21"]
[Round "7"]
[White "Collins, Sam"]
[Black "Lilja, Richard"]
[Result "1-0"]
[WhiteElo "2313"]
[BlackElo "2123"]
[PlyCount "63"]
[EventDate "2002.07.15"]
[EventType "swiss"]
[EventRounds "11"]
[EventCountry "DEN"]
[SourceDate "2004.01.01"]

1. e4 e5 2. Nf3 Nc6 3. d4 exd4 4. Nxd4 Qf6 5. Nxc6 Bc5 6. Qd2 Qxc6 7. Bd3 Nf6
8. O-O O-O 9. e5 Ng4 10. Qg5 d6 11. Qh4 h6 12. exd6 Qxd6 13. Nc3 f5 14. Nb5 Qe5
15. Bd2 Be7 16. Qg3 f4 17. Qf3 c6 18. Rae1 Qg5 19. Nc7 Ne5 20. Rxe5 Qxe5 21.
Nxa8 Bd6 22. Bc3 Qg5 23. h4 Qxh4 24. Qe4 Bf5 25. Qd4 Qe7 26. Re1 Qd7 27. Rd1 f3
28. Bxf5 Rxf5 29. Qxd6 Qf7 30. Qd8+ Kh7 31. Rd7 Rd5 32. Rxf7 1-0

[Event "24. Copenhagen Open  (Politiken Cup)"]
[Site "Copenhagen"]
[Date "2002.07.21"]
[Round "7"]
[White "Dalsberg, Sandra de Blecourt"]
[Black "Busk, Casper"]
[Result "1-0"]
[WhiteElo "2082"]
[BlackElo "1859"]
[PlyCount "43"]
[EventDate "2002.07.15"]
[EventType "swiss"]
[EventRounds "11"]
[EventCountry "DEN"]
[SourceDate "2004.01.01"]

1. d4 Nf6 2. Bg5 e6 3. e4 h6 4. Bxf6 Qxf6 5. Nc3 Bb4 6. Qd2 d5 7. e5 Qg6 8. Nf3
c5 9. a3 cxd4 10. axb4 dxc3 11. Qxc3 O-O 12. Bd3 f5 13. h4 Qxg2 14. Ke2 Qg6 15.
h5 Qe8 16. Rag1 Bd7 17. Rg6 Kf7 18. Rhg1 Rg8 19. Nd4 Qf8 20. Qc7 Qc8 21. Nxe6
Nc6 22. Rxg7+ 1-0

[Event "24. Copenhagen Open  (Politiken Cup)"]
[Site "Copenhagen"]
[Date "2002.07.21"]
[Round "7"]
[White "El Kher, Henrik"]
[Black "Jenal, Juerg"]
[Result "1-0"]
[WhiteElo "2355"]
[BlackElo "2194"]
[PlyCount "91"]
[EventDate "2002.07.15"]
[EventType "swiss"]
[EventRounds "11"]
[EventCountry "DEN"]
[SourceDate "2004.01.01"]

1. e4 c5 2. Nc3 Nc6 3. f4 e6 4. Nf3 d5 5. e5 f6 6. Bb5 Bd7 7. Bxc6 Bxc6 8. d4
Qb6 9. O-O cxd4 10. Nxd4 Bc5 11. Be3 Ne7 12. Bf2 Bd7 13. exf6 gxf6 14. Rb1 Qd6
15. Qh5+ Ng6 16. f5 O-O-O 17. fxe6 Bxe6 18. Ncb5 Qd7 19. Nxe6 Bxf2+ 20. Rxf2
Qxe6 21. Qf5 Qxf5 22. Rxf5 a6 23. Nd4 Rd6 24. Rh5 Kd7 25. Rf1 Ke8 26. Rf3 Ne5
27. Rb3 b6 28. Rbh3 Rd7 29. Ra3 a5 30. Rb3 Nc4 31. Rb5 Rg8 32. Kf2 Rg4 33. c3
Rg5 34. Rh6 Re7 35. Rxf6 Nd2 36. Re6 Rxe6 37. Nxe6 Re5 38. Nc7+ Kf7 39. Rxd5
Ne4+ 40. Kf3 Re7 41. Nb5 Kf6 42. h4 h6 43. Nd6 Nc5 44. Nc8 Re6 45. Nxb6 Rxb6
46. Rxc5 1-0

[Event "24. Copenhagen Open  (Politiken Cup)"]
[Site "Copenhagen"]
[Date "2002.07.21"]
[Round "7"]
[White "Epishin, Vladimir"]
[Black "Schandorff, Lars"]
[Result "1/2-1/2"]
[WhiteElo "2643"]
[BlackElo "2547"]
[PlyCount "59"]
[EventDate "2002.07.15"]
[EventType "swiss"]
[EventRounds "11"]
[EventCountry "DEN"]
[SourceDate "2004.01.01"]

1. d4 Nf6 2. c4 e6 3. Nf3 b6 4. g3 Ba6 5. b3 Bb4+ 6. Bd2 Be7 7. Nc3 O-O 8. e4
d5 9. cxd5 Bxf1 10. Kxf1 exd5 11. e5 Ne4 12. Kg2 Qd7 13. Re1 Nxc3 14. Bxc3 c5
15. e6 fxe6 16. Qe2 Bf6 17. Qxe6+ Qxe6 18. Rxe6 Na6 19. Re3 Rac8 20. dxc5 bxc5
21. Bxf6 Rxf6 22. Re2 Nb4 23. Rd2 c4 24. Nd4 Ra6 25. a3 cxb3 26. Nxb3 Nc2 27.
Rc1 Rxa3 28. Rdxc2 Rxc2 29. Rxc2 Rxb3 30. Rc8+ 1/2-1/2

[Event "24. Copenhagen Open  (Politiken Cup)"]
[Site "Copenhagen"]
[Date "2002.07.21"]
[Round "7"]
[White "Frank Nielsen, Marie"]
[Black "Abdagic, Edib"]
[Result "0-1"]
[WhiteElo "1544"]
[BlackElo "1831"]
[PlyCount "44"]
[EventDate "2002.07.15"]
[EventType "swiss"]
[EventRounds "11"]
[EventCountry "DEN"]
[SourceDate "2004.01.01"]

1. e4 e5 2. d4 exd4 3. Nf3 Nc6 4. Bc4 Nf6 5. O-O Nxe4 6. Nxd4 d5 7. Nxc6 bxc6
8. Bb3 Bc5 9. Qf3 O-O 10. Nc3 Ba6 11. Ne2 Re8 12. Be3 Qe7 13. Rfe1 Bxe3 14.
Qxe3 Qf6 15. Nc3 Nd6 16. Qd2 h6 17. h3 d4 18. Nd1 c5 19. Bd5 Rad8 20. c3 Rxe1+
21. Qxe1 Re8 22. Qd2 Re2 0-1

[Event "24. Copenhagen Open  (Politiken Cup)"]
[Site "Copenhagen"]
[Date "2002.07.21"]
[Round "7"]
[White "Hagen, Andreas Skytte"]
[Black "Korolev, Nikolaj"]
[Result "1/2-1/2"]
[WhiteElo "2185"]
[BlackElo "1964"]
[PlyCount "100"]
[EventDate "2002.07.15"]
[EventType "swiss"]
[EventRounds "11"]
[EventCountry "DEN"]
[SourceDate "2004.01.01"]

1. Nf3 c5 2. c4 Nc6 3. d4 cxd4 4. Nxd4 g6 5. e4 Bg7 6. Be3 e6 7. Nc3 a6 8. Be2
Nge7 9. Qd2 O-O 10. Nc2 Qc7 11. Bh6 Rb8 12. h4 b5 13. cxb5 axb5 14. h5 Qe5 15.
Bf4 Qc5 16. Bd6 Qb6 17. Bxb8 Qxb8 18. Nxb5 d5 19. Ncd4 Nxd4 20. Nxd4 dxe4 21.
Nb5 e3 22. Qxe3 Ba6 23. Qb3 Qe5 24. Kf1 Nf5 25. a4 Qxe2+ 26. Kxe2 Nd4+ 27. Ke3
Nxb3 28. Rad1 Nc5 29. Nc7 Bb7 30. f3 Nxa4 31. b3 Nc3 32. Rd7 Bc6 33. Rd6 Nd5+
34. Nxd5 Bxd5 35. h6 Bf6 36. Rb6 Bd8 37. Rb5 Re8 38. Ke2 Bg5 39. g3 Rc8 40. Rh3
Kf8 41. f4 Be7 42. g4 f5 43. gxf5 gxf5 44. Rg3 Bf6 45. Kd2 Ke7 46. Ra5 Rc7 47.
b4 Rb7 48. b5 Kd6 49. Rga3 Kc5 50. Ra7 Bd4 1/2-1/2

[Event "24. Copenhagen Open  (Politiken Cup)"]
[Site "Copenhagen"]
[Date "2002.07.21"]
[Round "7"]
[White "Hansen, Alexei"]
[Black "Henrichsen, Jens"]
[Result "0-1"]
[WhiteElo "1563"]
[BlackElo "2067"]
[PlyCount "66"]
[EventDate "2002.07.15"]
[EventType "swiss"]
[EventRounds "11"]
[EventCountry "DEN"]
[SourceDate "2004.01.01"]

1. e4 c5 2. Nf3 e6 3. d4 cxd4 4. Nxd4 Nf6 5. Nc3 d6 6. Be3 a6 7. f3 Nbd7 8. Qd2
b5 9. g4 h6 10. Bg2 Bb7 11. O-O-O Ne5 12. Bf2 Rc8 13. Kb1 Nc4 14. Qd3 Nd7 15.
Nb3 Nde5 16. Qe2 Qc7 17. f4 Ng6 18. Qf3 b4 19. Ne2 a5 20. Nbd4 a4 21. Rhe1 Be7
22. h4 d5 23. Qd3 Nxh4 24. Bxh4 Bxh4 25. Rh1 Be7 26. exd5 exd5 27. Nf5 Bf6 28.
Ned4 Ba6 29. Rhe1+ Kf8 30. Ka1 Nxb2 31. Qxa6 Nxd1 32. Rxd1 Qc3+ 33. Kb1 a3 0-1

[Event "24. Copenhagen Open  (Politiken Cup)"]
[Site "Copenhagen"]
[Date "2002.07.21"]
[Round "7"]
[White "Hansen, Martin Holmegaard"]
[Black "Christensen, Esben"]
[Result "1/2-1/2"]
[WhiteElo "1926"]
[BlackElo "2099"]
[PlyCount "42"]
[EventDate "2002.07.15"]
[EventType "swiss"]
[EventRounds "11"]
[EventCountry "DEN"]
[SourceDate "2004.01.01"]

1. d4 Nf6 2. c4 c5 3. g3 g6 4. Bg2 Bg7 5. Nf3 O-O 6. O-O d6 7. Nc3 Nbd7 8. h3
Rb8 9. e4 a6 10. e5 Ne8 11. dxc5 Nxe5 12. Nxe5 Bxe5 13. Re1 Be6 14. cxd6 Bxd6
15. Bh6 Ng7 16. Qd4 Nf5 17. Qd2 Bb4 18. Qxd8 Rfxd8 19. Bf4 Bd6 20. Bxd6 Rxd6
21. Ne4 Rd4 1/2-1/2

[Event "24. Copenhagen Open  (Politiken Cup)"]
[Site "Copenhagen"]
[Date "2002.07.21"]
[Round "7"]
[White "Hansen, Torbjorn Ringdal"]
[Black "Glud, Jakob Vang"]
[Result "1-0"]
[WhiteElo "2280"]
[BlackElo "2180"]
[PlyCount "89"]
[EventDate "2002.07.15"]
[EventType "swiss"]
[EventRounds "11"]
[EventCountry "DEN"]
[SourceDate "2004.01.01"]

1. e4 e5 2. Nf3 Nc6 3. Bb5 a6 4. Ba4 Nf6 5. O-O b5 6. Bb3 Bc5 7. d3 d6 8. c3
Bg4 9. a4 Rb8 10. Na3 O-O 11. Bg5 h6 12. Bh4 g5 13. Bg3 Nh5 14. axb5 axb5 15.
Nc2 Qf6 16. Ne3 Bxf3 17. gxf3 Nf4 18. Ra6 Ne7 19. Re1 Ra8 20. Rxa8 Rxa8 21. d4
exd4 22. e5 dxe5 23. Ng4 Qb6 24. Nxe5 dxc3 25. Bxf7+ Kg7 26. bxc3 Ra4 27. Qc2
Qd6 28. Bb3 Ra3 29. Bxf4 gxf4 30. Kh1 Bxf2 31. Qxf2 Rxb3 32. Qh4 Rb1 33. Rxb1
Qxe5 34. Re1 Ng6 35. Rxe5 Nxh4 36. Rxb5 Nxf3 37. Rf5 Kg6 38. Rxf4 Ne5 39. Kg2
Kg5 40. Kg3 c5 41. h4+ Kg6 42. Rf8 Nd3 43. Rd8 Nc1 44. Rd6+ Kg7 45. Kg4 1-0

[Event "24. Copenhagen Open  (Politiken Cup)"]
[Site "Copenhagen"]
[Date "2002.07.21"]
[Round "7"]
[White "Hau, Helge"]
[Black "Rusanov, Alex"]
[Result "1/2-1/2"]
[WhiteElo "1503"]
[BlackElo "1429"]
[PlyCount "112"]
[EventDate "2002.07.15"]
[EventType "swiss"]
[EventRounds "11"]
[EventCountry "DEN"]
[SourceDate "2004.01.01"]

1. f4 b6 2. Nf3 Bb7 3. e3 g6 4. c3 Nf6 5. d3 d5 6. d4 Nbd7 7. Ne5 c6 8. Nd2 Ne4
9. Bd3 f5 10. Ndf3 Bg7 11. O-O Nxe5 12. fxe5 e6 13. c4 O-O 14. b3 Bh6 15. Qe1
Kh8 16. Kh1 g5 17. Ba3 Rg8 18. Bc1 g4 19. Bxe4 dxe4 20. Ng1 Qg5 21. Qg3 Bf8 22.
Ne2 h5 23. Nf4 Re8 24. Qf2 h4 25. g3 hxg3 26. Qxg3 Rg7 27. a3 Rh7 28. Ra2 Rh4
29. Ng6+ Qxg6 30. Qxh4+ Kg7 31. Rg2 Be7 32. Qe1 Rh8 33. Qe2 Ba6 34. Rfg1 Kf7
35. Qc2 Ke8 36. Bd2 Qh6 37. Be1 Bc8 38. Qf2 Kd8 39. b4 Bd7 40. c5 b5 41. Qe2
Be8 42. Bg3 Bh5 43. Qf2 Bg5 44. Bh4 Kc8 45. Bxg5 Qxg5 46. Qg3 Qd8 47. Re1 Qd5
48. Qf2 Qd8 49. Qg3 Qd5 50. Qf2 Qd8 51. Kg1 a5 52. Qd2 a4 53. Rg3 Bf7 54. Re2
Rh6 55. Qe1 Qd5 56. Qc3 Qd8 1/2-1/2